Resource Management Practice and Managerial Success of School Administrators (Record no. 85951)

MARC details
000 -LEADER
fixed length control field 01008nam a22002777a 4500
003 - CONTROL NUMBER IDENTIFIER
control field URS
005 - DATE AND TIME OF LATEST TRANSACTION
control field 20251022113503.0
008 - FIXED-LENGTH DATA ELEMENTS--GENERAL INFORMATION
fixed length control field 250908b ||||| |||| 00| 0 eng d
040 ## - CATALOGING SOURCE
Transcribing agency URS
043 ## - GEOGRAPHIC AREA CODE
Geographic area code URS
050 ## - LIBRARY OF CONGRESS CALL NUMBER
Classification number TLB2830.2
Item number .C16 2024
100 ## - MAIN ENTRY--PERSONAL NAME
Personal name Canchela, Jenny Joy A.
245 ## - TITLE STATEMENT
Title Resource Management Practice and Managerial Success of School Administrators
260 ## - PUBLICATION, DISTRIBUTION, ETC.
Date of publication, distribution, etc. April 2024
300 ## - PHYSICAL DESCRIPTION
Extent 190 leaves :
Other physical details illustrations ;
Dimensions 28 cm.
336 ## - CONTENT TYPE
Source rdacontent
Content type term text
337 ## - MEDIA TYPE
Source rdamedia
Media type term unmediated
338 ## - CARRIER TYPE
Source rdacarrier
Carrier type term volume
502 ## - DISSERTATION NOTE
Dissertation note Thesis
Degree type Master of Arts in Education Major in Educational Management
Name of granting institution University of Rizal System-Morong
Year degree granted 2024
650 #0 - SUBJECT ADDED ENTRY--TOPICAL TERM
Topical term or geographic name entry element School budgets -- Philippines
650 #0 - SUBJECT ADDED ENTRY--TOPICAL TERM
Topical term or geographic name entry element Education--Philippines--Finance
650 #0 - SUBJECT ADDED ENTRY--TOPICAL TERM
Topical term or geographic name entry element School management and organization--Philippines.
700 ## - ADDED ENTRY--PERSONAL NAME
Personal name Trinidad, Aurora F.
Relator term degree supervisor
856 ## - ELECTRONIC LOCATION AND ACCESS
Materials specified Online Request for Student Unpublished Works
Uniform Resource Identifier <a href="https://forms.gle/7LqvGGkaDrUQqz429">https://forms.gle/7LqvGGkaDrUQqz429</a>
942 ## - ADDED ENTRY ELEMENTS (KOHA)
Source of classification or shelving scheme Library of Congress Classification
Koha item type Theses and dissertations
Holdings
Withdrawn status Source of classification or shelving scheme Damaged status Not for loan Collection code Home library Current library Date acquired Total Checkouts Full call number Barcode Date last seen Copy number Price effective from Koha item type
  Library of Congress Classification     Reference Morong Graduate Library Morong Graduate Library 09/08/2025   TLB2830.2 .C16 2024 URSMOR-GL-00695 09/08/2025 1 09/08/2025 Theses and dissertations

University of Rizal System
Email us at univlibservices@urs.edu.ph

Visit our Website www.urs.edu.ph/library